| 000 | 00410nam a22001577a 4500 | ||
|---|---|---|---|
| 005 | 20250612011512.0 | ||
| 008 | 250612b |||||||| |||| 00| 0 eng d | ||
| 020 | _a9552053781 | ||
| 082 |
_222 _a305 |
||
| 100 | _aWijayawira ananda | ||
| 245 | _asarana pathana yuwathiyata | ||
| 260 |
_aColombo _bS.Godage & Brothers _c2002 |
||
| 300 | _a74 p ., | ||
| 500 | _aA book on seeking refuge for the girl | ||
| 942 | _cL | ||
| 999 |
_c6061 _d6061 |
||